Pasado, presente y futuro de la función pública: entre la politización y la patrimonialización
שמור ב:
| מחבר ראשי: | |
|---|---|
| פורמט: | ספר |
| שפה: | ספרדית |
| יצא לאור: |
Pamplona
Civitas
2013
Pamplona Fundación Alfonso Martin Escudero 2013 Pamplona Thomson Reuters 2013 |
| מהדורה: | 1a. ed |
| נושאים: | |
| תגים: |
הוספת תג
אין תגיות, היה/י הראשונ/ה לתייג את הרשומה!
|
MARC
| LEADER | 00000cam a2200000 a 4500 | ||
|---|---|---|---|
| 001 | UCC1696 | ||
| 003 | CL-VaPUC | ||
| 008 | 171117e20130000sp |||||||||||||||||spa|d | ||
| 020 | |a 9788447043347 | ||
| 082 | 0 | 4 | |a 342.06 |b FUE |2 21 |
| 100 | 0 | |a Fuentetaja Pastor, Jesús Angel |e author |9 595743 | |
| 245 | 1 | 0 | |a Pasado, presente y futuro de la función pública: entre la politización y la patrimonialización |
| 250 | |a 1a. ed | ||
| 300 | |a 484 p | ||
| 942 | |c BK | ||
| 945 | |d 20171117 16:06:00 |a arojas | ||
| 260 | |a Pamplona |b Civitas |c 2013 | ||
| 260 | |a Pamplona |b Fundación Alfonso Martin Escudero |c 2013 | ||
| 260 | |a Pamplona |b Thomson Reuters |c 2013 | ||
| 650 | 0 | |a Función pública |9 343165 | |
| 650 | 0 | |a Derecho administrativo |9 254851 | |
| 650 | 0 | |a Política |9 255312 | |
| 650 | 0 | |a Patrimonio |9 257770 | |
| 583 | |a last modification |c 20171117 16:06:00 |k Rodrigo Vera | ||
| 999 | |c 370091 |d 370089 | ||
| 952 | |0 0 |1 0 |3 erd |4 0 |6 342_060000000000000_FUE_2013_2013_2013 |7 0 |8 A |9 486392 |a BIBDER |b BIBDER |i 5435633 |o 342.06 FUE 2013 2013 2013 |p 5435633 |r 2023-01-25 |w 2019-11-24 |y BK |z Catalogado en:20171117 |k DER | ||